Statistics for Kim Possible Theme Song

Click here to take the quiz!

General Stats

  • This quiz has been taken 885 times
  • The average score is 11 of 15

Answer Stats

HintAnswer% Correct
cuz I'm ___ _______Kim Possible
89%
___ _______Kim Possible
89%
And I'm here to ____ __ _____save the world
86%
wanna _____ mereach
81%
You can't _____ mestop
80%
____ me, ____ me if youCall beep
79%
Whenever you ____ me babyneed
72%
There is ______ _ ____ donothing I can't
72%
when _______ callsdanger
70%
____ me, ____ me if you wanna _____ me.call beep reach
67%
I'm your ____ ______ girlbasic average
66%
just know that I am __ __ ____on my way
66%
If you just ____ __ _____call my name
64%
It doesn't matter _____ or _____ there's ______where when trouble
57%
If you wanna _____ me it's okaypage
35%

Score Distribution

Percentile by Number Answered

Percent of People with Each Score

Your Score History

You have not taken this quiz